LDR 00867naa#a2200181#i#450# 001 RU\\bibl\121339 005 20260514180942.4 011 ## _a1994-4683 100 ## _a20230803b2023####ek#y0rusy0150####ca 102 ## _aRU 200 1# _aЭФФЕКТИВНОСТЬ ФУНКЦИОНАЛЬНОГО ТРЕНИНГА В ФИТНЕС АЭРОБИКЕ ДЛЯ НАЧИНАЮЩИХ _eЖурнальная статья 210 1# _aМосква _cНациональный государственный Университет физической культуры, спорта и здоровья им. П.Ф. Лесгафта _d2023 215 ## _a3 с. 608 ## _aЖурнальная статья _2local 675 ## _aАнализ тренировки. 796.058.2 _z 700 #1 _aСлобожанинова _gА Э 700 #1 _aКолодезникова _gС И 856 4# _auchzapiski.lesgaft.spb.ru _u